Der Tod ist nicht das letzte Wort: Meditationen

Đã lưu trong:
Chi tiết về thư mục
Tác giả chính: Lohfink, Gerhard (autor)
Định dạng: Sách
Ngôn ngữ:Tiếng Đức
Được phát hành: Friburgo de Brisgovia Herder 1976
Phiên bản:1a. ed
Những chủ đề:
Các nhãn: Thêm thẻ
Không có thẻ, Là người đầu tiên thẻ bản ghi này!

MARC

LEADER 00000cam a2200000 a 4500
001 UCE8110
003 CL-VaPUC
008 150728e19760000gw |||||||||||||||||ger|d
020 |a 3451175134 
082 0 4 |a 236.2  |b LOH  |2 21 
100 |a Lohfink, Gerhard  |e autor  |9 580838 
245 1 4 |a Der Tod ist nicht das letzte Wort: Meditationen 
250 |a 1a. ed 
300 |a 62 p 
942 |c BK 
945 |d 20150728 02:04:00  |a dcastane 
260 |a Friburgo de Brisgovia  |b Herder  |c 1976 
650 0 |a Vida eterna  |9 540336 
650 7 |a RESURRECCION  |2 CL-VaPUC  |9 314406 
650 0 |a Muerte  |9 265114 
583 |a last modification  |c 20150728 02:04:00  |k Rodrigo Vera 
999 |c 360060  |d 360058 
952 |0 0  |1 0  |3 erb  |4 0  |6 236_200000000000000_LOH_1976  |7 0  |8 A  |9 469686  |a BIBTEO  |b BIBTEO  |e Casale Rolle, Carlos Ignacio, -2014  |i 518505K  |o 236.2 LOH 1976  |p 518505K  |r 2025-01-17  |w 2019-11-23  |y BK  |z Catalogado en:20150728  |k ICR